[Event "Moscow-ch op Superfinal"]
[Site "Ershovo"]
[Date "2024.02.25"]
[Round "4"]
[White "Yakovlev, Egor"]
[Black "Rumyantsev, Semen"]
[Result "1/2-1/2"]
[WhiteElo "2228"]
[BlackElo "1990"]
[PlyCount "43"]
[EventDate "2024.02.23"]
[EventType "swiss"]
[EventRounds "10"]
[EventCountry "RUS"]
[SourceTitle "CB10_2024"]
[SourceDate "2024.03.06"]
[SourceVersion "1"]
[SourceVersionDate "2024.03.06"]
[SourceQuality "1"]

1. e4 e6 2. d4 d5 3. Nc3 Nf6 4. Bg5 Be7 5. e5 Nfd7 6. Bxe7 Qxe7 7. f4 a6 8. Qg4 g6 9. Nf3 c5 10. dxc5 Nc6 11. Bd3 Qxc5 12. Qh4 Qe3+ 13. Kf1 Qb6 14. Rb1 Nd4 15. Nxd4 Qxd4 16. Qf2 Qb4 17. a3 Qe7 18. Re1 b5 19. Qd4 Bb7 20. Kg1 Rc8 21. h4 h5 22. b4 1/2-1/2

[Event "Moscow-ch op Superfinal"]
[Site "Ershovo"]
[Date "2024.02.24"]
[Round "2"]
[White "Lisenkov, Svyatoslav"]
[Black "Rumyantsev, Semen"]
[Result "1/2-1/2"]
[WhiteElo "2171"]
[BlackElo "1990"]
[PlyCount "38"]
[EventDate "2024.02.23"]
[EventType "swiss"]
[EventRounds "10"]
[EventCountry "RUS"]
[SourceTitle "CB10_2024"]
[SourceDate "2024.03.06"]
[SourceVersion "1"]
[SourceVersionDate "2024.03.06"]
[SourceQuality "1"]

1. e4 e6 2. d4 d5 3. exd5 exd5 4. Nf3 Bd6 5. c4 Nf6 6. Bd3 dxc4 7. Bxc4 0-0 8. 0-0 Bg4 9. Nc3 Nc6 10. Be3 Qd7 11. Bd3 Rad8 12. Rc1 h6 13. a3 Ne7 14. Bb1 c6 15. Re1 Rfe8 16. Ne4 Nxe4 17. Bxe4 Nd5 18. Bb1 Bh5 19. Qd3 Bg6 1/2-1/2

[Event "Chigorin Memorial 30th"]
[Site "St Petersburg"]
[Date "2023.10.24"]
[Round "4"]
[White "Zhurova, Anna"]
[Black "Rumyantsev, Semen"]
[Result "0-1"]
[WhiteElo "2288"]
[BlackElo "2032"]
[PlyCount "90"]
[EventDate "2023.10.21"]
[EventType "swiss"]
[EventRounds "9"]
[EventCountry "RUS"]
[SourceTitle "Mega2024 Update 01"]
[Source "Chessbase"]
[SourceDate "2023.11.12"]
[SourceVersion "1"]
[SourceVersionDate "2023.11.12"]
[SourceQuality "1"]

1. e4 e6 2. d4 d5 3. Nc3 Nf6 4. e5 Nfd7 5. f4 c5 6. Nf3 Nc6 7. Be3 a6 8. Ne2 Be7 9. h4 cxd4 10. Nexd4 Nxd4 11. Bxd4 Nc5 12. h5 Ne4 13. Bd3 h6 14. c3 Bd7 15. Qc2 Nc5 16. g4 Nxd3+ 17. Qxd3 Qc8 18. Qc2 Qc4 19. f5 0-0-0 20. b3 Qc7 21. 0-0-0 Kb8 22. Rhf1 Rc8 23. Ne1 Rhe8 24. Kb2 Qa5 25. Nd3 Ka8 26. Nf4 Rf8 27. Rf3 Rc6 28. Ka1 Rfc8 29. fxe6 Bxe6 30. Nxe6 fxe6 31. Rf7 Bc5 32. Bxc5 Qxc5 33. Rxg7 d4 34. c4 Qxe5 35. Qh7 Rb6 36. Qxh6 d3+ 37. Kb1 Qc3 38. Rf1 Qc2+ 39. Ka1 d2 40. Rd7 Qc3+ 41. Kb1 Qxc4 42. Qxd2 Qxf1+ 43. Kb2 Rbc6 44. Ka3 Qf8+ 45. Ka4 b5+ 0-1

[Event "Chigorin Memorial 30th"]
[Site "St Petersburg"]
[Date "2023.10.23"]
[Round "3"]
[White "Rumyantsev, Semen"]
[Black "Zhukov, Konstantin"]
[Result "1-0"]
[WhiteElo "2032"]
[BlackElo "1626"]
[PlyCount "105"]
[EventDate "2023.10.21"]
[EventType "swiss"]
[EventRounds "9"]
[EventCountry "RUS"]
[SourceTitle "Mega2024 Update 01"]
[Source "Chessbase"]
[SourceDate "2023.11.12"]
[SourceVersion "1"]
[SourceVersionDate "2023.11.12"]
[SourceQuality "1"]

1. d4 Nf6 2. Bg5 g6 3. Bxf6 exf6 4. c4 d5 5. cxd5 Qxd5 6. Nc3 Bb4 7. e3 0-0 8. Nf3 c5 9. a3 Bxc3+ 10. bxc3 cxd4 11. cxd4 Nc6 12. Be2 f5 13. Qd3 Re8 14. Qb5 Be6 15. Rc1 Qd7 16. 0-0 Rad8 17. Bc4 Bxc4 18. Rxc4 f4 19. Rc3 Ne5 20. Qe2 Nxf3+ 21. Qxf3 fxe3 22. fxe3 f5 23. Rb1 b6 24. Rbc1 Rc8 25. Rxc8 Rxc8 26. Rxc8+ Qxc8 27. Qd5+ Kg7 28. Qe5+ Kf7 29. d5 Qe8 30. Qc7+ Kf6 31. Kf2 Qa4 32. d6 Qh4+ 33. Kf1 Qe4 34. Qd8+ Kf7 35. Qc7+ Kf6 36. Kf2 f4 37. exf4 Qxf4+ 38. Ke2 Qe4+ 39. Kd2 Qd4+ 40. Kc2 Qa4+ 41. Kb2 Qd4+ 42. Kb3 Qd5+ 43. Kb4 Ke6 44. Qe7+ Kf5 45. g4+ Kxg4 46. d7 a5+ 47. Kc3 Qc6+ 48. Kd4 Qa4+ 49. Ke5 Qf4+ 50. Kd5 Qf5+ 51. Kc6 Qf3+ 52. Kc7 Qc3+ 53. Kb8 1-0

[Event "Chigorin Memorial 30th"]
[Site "St Petersburg"]
[Date "2023.10.22"]
[Round "2"]
[White "Fedorov, Alexei"]
[Black "Rumyantsev, Semen"]
[Result "1-0"]
[WhiteElo "2434"]
[BlackElo "2032"]
[PlyCount "71"]
[EventDate "2023.10.21"]
[EventType "swiss"]
[EventRounds "9"]
[EventCountry "RUS"]
[SourceTitle "Mega2024 Update 01"]
[Source "Chessbase"]
[SourceDate "2023.11.12"]
[SourceVersion "1"]
[SourceVersionDate "2023.11.12"]
[SourceQuality "1"]

1. e4 e6 2. d4 d5 3. Nc3 Nf6 4. e5 Nfd7 5. f4 c5 6. Nf3 Nc6 7. Be3 a6 8. Ne2 Be7 9. c3 0-0 10. Qc2 b5 11. h4 f6 12. exf6 gxf6 13. Rd1 Bb7 14. g3 Bd6 15. Bh3 Qe7 16. 0-0 Rae8 17. Kh2 Kh8 18. Rde1 Qg7 19. Qc1 Rg8 20. Rg1 Re7 21. g4 e5 22. Ng3 exd4 23. cxd4 cxd4 24. Nxd4 Rxe3 25. Qxe3 Nxd4 26. Qxd4 Bc5 27. Qd2 Bxg1+ 28. Kxg1 Qf7 29. Nf5 Qf8 30. g5 Nc5 31. Kh2 Ne4 32. Qd4 Qd8 33. gxf6 Nxf6 34. Re7 Rf8 35. Rxb7 Qc8 36. Rg7 1-0

[Event "RUS-ch Blitz"]
[Site "Sochi"]
[Date "2023.10.14"]
[Round "8"]
[White "Khubukshanov, Erdem"]
[Black "Rumyantsev, Semen"]
[Result "1-0"]
[WhiteElo "2377"]
[BlackElo "2032"]
[PlyCount "57"]
[EventDate "2023.10.14"]
[EventType "swiss (blitz)"]
[EventRounds "13"]
[EventCountry "RUS"]
[SourceTitle "Mega2024 Update 01"]
[Source "Chessbase"]
[SourceDate "2023.11.12"]
[SourceVersion "1"]
[SourceVersionDate "2023.11.12"]
[SourceQuality "1"]

1. e4 e6 2. d4 d5 3. Nc3 Nf6 4. Bg5 Be7 5. Bxf6 Bxf6 6. Nf3 0-0 7. Bd3 c5 8. dxc5 Bxc3+ 9. bxc3 Nc6 10. 0-0 dxe4 11. Bxe4 Qf6 12. Qd3 Rd8 13. Qe3 Bd7 14. Rab1 Rab8 15. Rfd1 h6 16. Rd6 Be8 17. Rbd1 Rxd6 18. cxd6 Bd7 19. h3 Re8 20. c4 e5 21. Bxc6 Bxc6 22. d7 Rd8 23. Nxe5 Qe6 24. Qd4 Qf5 25. Qd6 Qxc2 26. Nxc6 bxc6 27. Re1 Kh7 28. g3 Qxc4 29. Re8 1-0

[Event "Chigorin Memorial 29th"]
[Site "St Petersburg"]
[Date "2022.10.26"]
[Round "5"]
[White "Rumyantsev, Semen"]
[Black "Bondarenko, Ivan"]
[Result "0-1"]
[WhiteElo "1945"]
[BlackElo "2178"]
[PlyCount "118"]
[EventDate "2022.10.22"]
[EventType "swiss"]
[EventRounds "9"]
[EventCountry "RUS"]
[SourceTitle "EXT 2024"]
[Source "ChessBase"]
[SourceDate "2023.10.10"]
[SourceVersion "1"]
[SourceVersionDate "2023.10.10"]
[SourceQuality "1"]

1. d4 Nf6 2. Nf3 e6 3. Bf4 c5 4. e3 Nc6 5. c3 d5 6. Nbd2 cxd4 7. exd4 Nh5 8. Be3 Bd6 9. Ne5 g6 10. Nd3 f6 11. Be2 Ng7 12. c4 Nf5 13. Bf3 Ncxd4 14. Bxd4 Nxd4 15. cxd5 e5 16. Nb3 Nxb3 17. Qxb3 f5 18. Be2 e4 19. Nb4 Qa5 20. a3 Bxb4+ 21. Qxb4 Qxb4+ 22. axb4 Ke7 23. f3 exf3 24. Bxf3 Kd6 25. Kd2 Bd7 26. Rhe1 g5 27. g3 g4 28. Bg2 h5 29. Ke3 h4 30. Kf2 a6 31. Ra3 Raf8 32. gxh4 f4 33. h3 g3+ 34. Kf3 Rxh4 35. Rd3 Rf6 36. Rd4 Bxh3 37. Bxh3 Rxh3 38. Re6+ Rxe6 39. dxe6+ Kxe6 40. Rxf4 Kd5 41. b5 axb5 42. b4 Rh1 43. Kxg3 Rd1 44. Kf2 Rd4 45. Rf7 Kc4 46. Ke3 Rd3+ 47. Ke2 Rd8 48. Rxb7 Kxb4 49. Ke3 Kc4 50. Ke2 b4 51. Ke3 Kc3 52. Rc7+ Kb2 53. Rb7 b3 54. Ke2 Kc2 55. Rc7+ Kb1 56. Rb7 b2 57. Ra7 Rd5 58. Ra8 Kc2 59. Rc8+ Kb3 0-1

[Event "Chigorin Memorial 28th"]
[Site "St Petersburg"]
[Date "2021.10.29"]
[Round "7"]
[White "Bashirli, Nail Qoshqar"]
[Black "Rumyantsev, Semen"]
[Result "1-0"]
[WhiteElo "2382"]
[BlackElo "1566"]
[PlyCount "75"]
[EventDate "2021.10.23"]
[EventType "swiss"]
[EventRounds "9"]
[EventCountry "RUS"]
[SourceTitle "EXT 2023"]
[Source "ChessBase"]
[SourceDate "2022.10.05"]
[SourceVersion "1"]
[SourceVersionDate "2022.10.05"]
[SourceQuality "1"]

1. e4 e6 2. Qe2 c5 3. Nf3 Nc6 4. g3 g6 5. Bg2 Bg7 6. h4 h5 7. c3 Nge7 8. 0-0 0-0 9. e5 d6 10. d4 dxe5 11. dxe5 Qc7 12. Re1 b6 13. Bg5 Bb7 14. Na3 a6 15. Nc4 Nf5 16. Rad1 Rfe8 17. Qd2 Na5 18. Nd6 Nxd6 19. exd6 Qd7 20. Ne5 Bxe5 21. Bxb7 Qxb7 22. d7 Bg7 23. dxe8Q+ Rxe8 24. Qd7 Qxd7 25. Rxd7 Nc4 26. Re2 Rb8 27. Bf4 e5 28. Bg5 b5 29. b3 Nb6 30. Rd6 c4 31. Be3 Na8 32. Red2 Nc7 33. Rd8+ Rxd8 34. Rxd8+ Kh7 35. Rd7 Ne6 36. bxc4 bxc4 37. Rxf7 e4 38. Re7 1-0

[Event "Chigorin Memorial 28th"]
[Site "St Petersburg"]
[Date "2021.10.26"]
[Round "4"]
[White "Rumyantsev, Semen"]
[Black "Korshunov, Sergey And"]
[Result "1/2-1/2"]
[WhiteElo "1566"]
[BlackElo "2040"]
[PlyCount "75"]
[EventDate "2021.10.23"]
[EventType "swiss"]
[EventRounds "9"]
[EventCountry "RUS"]
[SourceTitle "EXT 2023"]
[Source "ChessBase"]
[SourceDate "2022.10.05"]
[SourceVersion "1"]
[SourceVersionDate "2022.10.05"]
[SourceQuality "1"]

1. d4 Nf6 2. Nf3 g6 3. c4 Bg7 4. Nc3 d5 5. cxd5 Nxd5 6. Bd2 Nb6 7. Bf4 0-0 8. e3 Be6 9. Be2 c5 10. 0-0 Nd5 11. Be5 Bxe5 12. Nxe5 Nxc3 13. bxc3 Nd7 14. Nxd7 Qxd7 15. e4 cxd4 16. cxd4 f6 17. d5 Bf7 18. Qd4 Rfc8 19. Rac1 a6 20. Qb6 Rxc1 21. Rxc1 Rc8 22. Rc5 Kg7 23. g3 Be8 24. a4 Kf8 25. a5 Rxc5 26. Qxc5 Qa4 27. f3 Qa1+ 28. Kg2 Qb2 29. Kf1 Bd7 30. Qb6 Qc1+ 31. Kf2 Qh1 32. Qxb7 Qxh2+ 33. Ke3 Qg1+ 34. Kd2 Qd4+ 35. Ke1 Qg1+ 36. Kd2 Qd4+ 37. Ke1 Qg1+ 38. Kd2 1/2-1/2

[Event "Chigorin Memorial 28th"]
[Site "St Petersburg"]
[Date "2021.10.25"]
[Round "3"]
[White "Khmelev, Mikhail"]
[Black "Rumyantsev, Semen"]
[Result "0-1"]
[WhiteElo "1908"]
[BlackElo "1566"]
[PlyCount "66"]
[EventDate "2021.10.23"]
[EventType "swiss"]
[EventRounds "9"]
[EventCountry "RUS"]
[SourceTitle "EXT 2023"]
[Source "ChessBase"]
[SourceDate "2022.10.05"]
[SourceVersion "1"]
[SourceVersionDate "2022.10.05"]
[SourceQuality "1"]

1. e4 e6 2. d4 d5 3. Nc3 Nf6 4. exd5 exd5 5. Bd3 Bb4 6. Nge2 Nc6 7. 0-0 0-0 8. Bg5 Be7 9. Re1 Nb4 10. Ng3 Nxd3 11. Qxd3 c6 12. Nh5 Be6 13. Nf4 Nd7 14. Bxe7 Qxe7 15. Qg3 Qf6 16. Rad1 Rae8 17. Rd2 Bf5 18. Re3 Nb6 19. b3 Bd7 20. Nd1 Nc8 21. Nh5 Qh6 22. Qc7 Bg4 23. Ng3 f5 24. Rxe8 Rxe8 25. Ne3 Nd6 26. h3 Bxh3 27. gxh3 f4 28. Ng4 Qxh3 29. Ne5 fxg3 30. fxg3 Qxg3+ 31. Rg2 Qe1+ 32. Kh2 Qh4+ 33. Kg1 Qxd4+ 0-1

[Event "St Petersburg Amir Cup Blitz"]
[Site "St Petersburg"]
[Date "2021.05.23"]
[Round "1"]
[White "Sek, Konstantin"]
[Black "Rumyantsev, Semen"]
[Result "1/2-1/2"]
[WhiteElo "2432"]
[BlackElo "1547"]
[PlyCount "136"]
[EventDate "2021.05.23"]
[EventType "swiss (blitz)"]
[EventRounds "11"]
[EventCountry "RUS"]
[SourceTitle "CBM 202 Extra"]
[Source "ChessBase"]
[SourceDate "2021.07.31"]
[SourceVersion "1"]
[SourceVersionDate "2021.07.31"]
[SourceQuality "1"]

1. e4 e6 2. d4 d5 3. Nd2 c5 4. c3 cxd4 5. cxd4 dxe4 6. Nxe4 Nc6 7. Nf3 Be7 8. Bd3 Nf6 9. Nc3 0-0 10. a3 Nd5 11. 0-0 Bf6 12. Be4 a6 13. Re1 Nde7 14. Qd3 h6 15. Be3 Qc7 16. Rad1 Rd8 17. Qc4 Bd7 18. Qc5 Rac8 19. Qh5 Qa5 20. Qxa5 Nxa5 21. Ne5 Nac6 22. Ng4 h5 23. Nxf6+ gxf6 24. d5 exd5 25. Nxd5 Nxd5 26. Bxd5 Be6 27. Be4 Bb3 28. Rc1 Bd5 29. Bb1 Ne5 30. Bb6 Re8 31. h3 Nd7 32. Bd4 Kg7 33. Bf5 Rxc1 34. Rxc1 Be6 35. Bb1 Ne5 36. f4 Nc6 37. Bc3 Bb3 38. Kf2 Ne7 39. Re1 Be6 40. Be4 Nc6 41. Bf3 h4 42. Rg1 Ne7 43. Bxb7 Nd5 44. Bxd5 Bxd5 45. g4 Re4 46. g5 Rxf4+ 47. Ke3 Re4+ 48. Kd3 Kg6 49. gxf6+ Kf5 50. Rf1+ Ke6 51. Rf2 Kd7 52. b4 Rc4 53. Bd4 Be6 54. Rf4 Rc1 55. Rxh4 Rd1+ 56. Ke3 Rh1 57. Rh8 Rxh3+ 58. Rxh3 Bxh3 59. Be5 Kc6 60. Kd4 Kb5 61. Kc3 Be6 62. Bd6 Bd5 63. Kd4 Be6 64. Bc5 Bb3 65. Ke5 Be6 66. Kd6 Bc4 67. Kc7 Ka4 68. Kb6 Bb5 1/2-1/2